|
|
|
|
| LEADER |
00000nam0a2200000 4500 |
| 001 |
230373 |
| 005 |
20231101231012.0 |
| 035 |
|
|
|a (RuTPU)RU\TPU\book\251175
|
| 090 |
|
|
|a 230373
|
| 100 |
|
|
|a 20130121d1959 km y0rusy50 ca
|
| 101 |
0 |
|
|a rus
|
| 102 |
|
|
|a RU
|
| 105 |
|
|
|a a z 000zy
|
| 200 |
1 |
|
|a Физика межзвездной среды
|f С. Б. Пикельнер
|g Академия наук СССР (АН СССР)
|
| 210 |
|
|
|a Москва
|c Изд-во АН СССР
|d 1959
|
| 215 |
|
|
|a 216 с.
|c ил.
|
| 225 |
1 |
|
|a Научно-популярная серия
|
| 317 |
|
|
|5 63413507: КР-227
|a Поступила в НТБ в 2004 г. в составе книжного собрания профессора ТПИ К. В. Радугина.
|
| 330 |
|
|
|a Книга написана на актуальную тему, имеющую большое значение прежде всего в космогоническом плане. Автор в простой и по-возможпости доступной форме излагает довольно сложные и многообразные процессы, происходящие в межзвездной среде, и их связь с процессами, происходящими в звездах. Для облегчения понимания этих вопросов Введение кратко знакомит читателя со звездами и нашей Галактикой. Автор показывает, что изучение межзвездной среды тесно связано с важнейшей проблемой астрономии — проблемой происхождения и эволюции звезд. Краткое изложение современного состоянии этой проблемы дано очень живо и читается с большим интересом.
|
| 606 |
1 |
|
|a Межзвездная среда
|2 stltpush
|3 (RuTPU)RU\TPU\subj\41951
|9 61716
|
| 610 |
1 |
|
|a планетарные туманности
|
| 610 |
1 |
|
|a диффузные туманности
|
| 610 |
1 |
|
|a межзвездный газ
|
| 610 |
1 |
|
|a Галактика
|
| 610 |
1 |
|
|a магнитные поля
|
| 610 |
1 |
|
|a межзвездная среда
|
| 610 |
1 |
|
|a библиотека К. В. Радугина
|
| 675 |
|
|
|a 524.5
|v 3
|
| 700 |
|
1 |
|a Пикельнер
|b С. Б.
|g Соломон Борисович
|
| 712 |
0 |
2 |
|a Академия наук СССР (АН СССР)
|2 stltpush
|3 (RuTPU)RU\TPU\col\722
|
| 801 |
|
1 |
|a RU
|b 63413507
|c 20130121
|
| 801 |
|
2 |
|a RU
|b 63413507
|c 20130311
|g RCR
|
| 942 |
|
|
|c BK
|